| 000 | 01046nam a22002537i 4500 | ||
|---|---|---|---|
| 005 | 20260106102130.0 | ||
| 008 | 250906s2025 jo ||||gr|||| 00| 0 ara d | ||
| 020 | _a9789957076078 | ||
| 040 |
_aJO-AmGAM _erda |
||
| 082 | 1 | 4 |
_a362.42 _bز ر ي |
| 100 | 1 |
_aالزريقات، ابراهيم عبد الله فرج _eمؤلف. |
|
| 245 | 1 | 2 |
_aالإعاقة السمعية : _bمبادئ التأهيل السمعي والكلامي والتربوي / _cتأليف الدكتور ابراهيم عبد الله فرج الزريقات. |
| 246 | 1 | 0 | _aHearing Impairment principles of Audiological, Speech, & Educational Rehabilitation. |
| 250 | _aالطبعة الرابعة. | ||
| 264 | 3 | 1 |
_aعمان : _bدار الفكر ناشرون وموزعون، _c2025. |
| 300 | _a560 صفحة. | ||
| 336 |
_2rdacontent _aنص _btxt |
||
| 337 |
_2rdamedia _aدون وسيط عرض _bn |
||
| 338 |
_2rdacarrier _aمجلد _bnc |
||
| 650 | 1 | 7 | _aالإعاقة السمعية. |
| 650 | 1 | 7 | _aالصم. |
| 942 |
_2ddc _cBK |
||
| 999 |
_c247759 _d247759 |
||